000 00399nam a2200181Ia 4500
005 20250603145920.0
008 250603s9999 xx 000 0 und d
020 _a1932099301
050 _aBV 4571 .A/
100 _aAri, Saim
245 4 _aThe path to heaven
260 _aNew Jersey
260 _bThe Light, Inc
260 _c2005
300 _a48 p
650 _aNew Jersey
942 _cBK
999 _c43231
_d43231